Svoboda rozvitku chudožn'ogo talantu - spravžnja i vigadana

Bibliographic Details
Main Author: V. O. Kudin (Author)
Format: Article
Language:Ukrainian

MARC

LEADER 00000nab a2200000ua 4500
001 vtls010809840
003 SK-MaSNL
005 20260303131902.0
008 230218s1976 xo |||||||||||||||||ukr|
035 |a (urnnbn)urn:nbn:sk:snk:ar-004esf 
035 |a (uuid)9eab7f85-d416-41f9-ae2a-395be0663bcb 
035 |a urn:nbn:sk:snk-ab43mx 
040 |a SNKBUCL  |b slo  |c SNKBUCL  |e AACR2 
041 0 |a ukr 
044 |a xo  |c SK 
100 1 |a V. O. Kudin  |4 aut  |9 1149106 
245 1 0 |a Svoboda rozvitku chudožn'ogo talantu - spravžnja i vigadana  |c V. O. Kudin 
773 0 |t Duklja : literaturno-chudožnij ta hromads'ko-polityčnyj al'manach  |g Roč. 24, č. 1 (1976), s. 42-50 
958 |a OND 
958 |a EUIPO 
958 |a article3 
999 |c 1947622  |d 1949552